000 00516nam a2200181Ia 4500
005 20250508160427.0
008 008 250505s9999 xx 000 0 eng d
037 _aTextual
040 _aFEDL
_beng
_cFEDL
041 _aeng
_2eng
084 _a745.507, GLE
_qFEDL
100 _aGlenister S H
_9758535
245 0 _aTechnique of craft teaching
260 _aLondon, UK
_bGeorge G Harrap and Company Limited
_c1968
300 _a176p.
942 _cTEXL
_h745.507, GLE
999 _c1364542
_d1364542